| 000 | 00443nam a2200133Ia 4500 | ||
|---|---|---|---|
| 008 | 220217s9999 xx 000 0 und d | ||
| 100 | _aTony Mathew | ||
| 245 | 0 | _aSurface modification of carbon black by plasma polymerization: From process to performance in elastomer blend systems | |
| 260 |
_bUniversity of Twente _a Enschede _c2008 |
||
| 300 | _a176 | ||
| 500 | _aCourse: Ph.D | ||
| 700 | _aDr JWM Noordermeer and Dr RN Datta | ||
| 942 | _cTS | ||
| 999 |
_c74640 _d74640 |
||